Intézményesített szeretet

Elmentve itt :
Bibliográfiai részletek
Szerző: SIMON Judit
Adatforrás:Meister
Forrásdokumentuma:A Hét. -
39 sz., 1996, 9-10 p.
Nyelv:magyar
Kulcsszavak:riport (közéleti)
intézménytörténet
egyházi intézmények
szociális intézmények
reformátusok
diakonissza-képzés
Kolozsvár
BUSTYA Dezső
Erdélyi Református Egyházkerület
Bethlen Kata Diakóniai Központ (Kolozsvár)
LEADER 00674nab a2200229 i 4500
001 bibPRO00003322
008 060524s1996 xx hun
040 |a Sz1 
041 |a hun 
100 1 |a SIMON Judit 
245 1 0 |a Intézményesített szeretet  |c SIMON Judit 
695 |a riport (közéleti) 
695 |a intézménytörténet 
695 |a egyházi intézmények 
695 |a szociális intézmények 
695 |a reformátusok 
695 |a diakonissza-képzés 
695 |a Kolozsvár 
695 |a BUSTYA Dezső 
695 |a Erdélyi Református Egyházkerület 
695 |a Bethlen Kata Diakóniai Központ (Kolozsvár) 
773 0 |t A Hét. -  |g 39 sz., 1996, 9-10 p.